Applied geotechnology : a text for students and engineers on rock excavation and related topics (Record no. 84285)
[ view plain ]
| 000 -LEADER | |
|---|---|
| fixed length control field | 01735nam a2200265 a 4500 |
| 008 - FIXED-LENGTH DATA ELEMENTS--GENERAL INFORMATION | |
| fixed length control field | 060316s1981 ||||||||||||||||| || u |
| 020 ## - INTERNATIONAL STANDARD BOOK NUMBER | |
| International Standard Book Number | 0080240151 |
| 020 ## - INTERNATIONAL STANDARD BOOK NUMBER | |
| International Standard Book Number | 0080240143 |
| 050 ## - LIBRARY OF CONGRESS CALL NUMBER | |
| Classification number | TA 740 Rob |
| 100 ## - MAIN ENTRY--PERSONAL NAME | |
| Personal name | Roberts, Albert F., 1911- |
| 245 10 - TITLE STATEMENT | |
| Title | Applied geotechnology : a text for students and engineers on rock excavation and related topics |
| 260 ## - PUBLICATION, DISTRIBUTION, ETC. | |
| Place of publication, distribution, etc. | Oxford: |
| Name of publisher, distributor, etc. | Pergamon Press |
| Date of publication, distribution, etc. | 1981 |
| 300 ## - PHYSICAL DESCRIPTION | |
| Extent | xvi, 344 p. : ill. |
| 350 ## - | |
| -- | 0.00 |
| 490 ## - | |
| -- | Pergamon international library of science, technology, engineering and social studies |
| 650 ## - SUBJECT ADDED ENTRY--TOPICAL TERM | |
| Topical term or geographic name entry element | ROCK EXCAVATION |
| 650 ## - SUBJECT ADDED ENTRY--TOPICAL TERM | |
| Topical term or geographic name entry element | ROCK MECHANICS |
| 995 ## - | |
| -- | TEXTBOOKS (MIN.ENG.) |
| -- | 0.00 |
| -- | 3902 |
| -- | CBU-SCHOOL TEXTBOOK COLLECTIONS |
| -- | 1 |
| -- | 0.00 |
| -- | SCHOOL TEXTBOOK |
| -- | 5 |
| -- | AVAILABLE |
| -- | Aug 18, 2009 |
| -- | 3902 |
| -- | School Collections |
| 995 ## - | |
| -- | BINDERY (DAMAGED) |
| -- | 0.00 |
| -- | 721429 |
| -- | CBU-MAIN LIBRARY (Kitwe) |
| -- | 2 |
| -- | 35.00 |
| -- | TA 705 Rob |
| -- | DAMAGED |
| -- | 013927 |
| -- | Main Library Open Access Collection |
| 995 ## - | |
| -- | TEXTBOOKS (MIN.ENG.) |
| -- | 0.00 |
| -- | 3903 |
| -- | CBU-SCHOOL TEXTBOOK COLLECTIONS |
| -- | 1 |
| -- | 0.00 |
| -- | SCHOOL TEXTBOOK |
| -- | 6 |
| -- | AVAILABLE |
| -- | Aug 18, 2009 |
| -- | 3903 |
| -- | School Collections |
| 995 ## - | |
| -- | MAIN LIBRARY OPEN ACCESS |
| -- | 0.00 |
| -- | 713687 |
| -- | CBU-MAIN LIBRARY (Kitwe) |
| -- | 1 |
| -- | 35.00 |
| -- | TA 705 Rob |
| -- | AVAILABLE |
| -- | 013928 |
| -- | Main Library Open Access Collection |
| 995 ## - | |
| -- | TEXTBOOKS (MIN.ENG.) |
| -- | 0.00 |
| -- | 3904 |
| -- | CBU-SCHOOL TEXTBOOK COLLECTIONS |
| -- | 1 |
| -- | 0.00 |
| -- | SCHOOL TEXTBOOK |
| -- | 7 |
| -- | AVAILABLE |
| -- | Aug 18, 2009 |
| -- | 3904 |
| -- | School Collections |
| 995 ## - | |
| -- | TEXTBOOKS (MIN.ENG.) |
| -- | 0.00 |
| -- | 3900 |
| -- | CBU-SCHOOL TEXTBOOK COLLECTIONS |
| -- | 1 |
| -- | 0.00 |
| -- | SCHOOL TEXTBOOK |
| -- | 3 |
| -- | AVAILABLE |
| -- | Aug 18, 2009 |
| -- | 3900 |
| -- | School Collections |
| 995 ## - | |
| -- | TEXTBOOKS (MIN.ENG.) |
| -- | 0.00 |
| -- | 3901 |
| -- | CBU-SCHOOL TEXTBOOK COLLECTIONS |
| -- | 1 |
| -- | 0.00 |
| -- | SCHOOL TEXTBOOK |
| -- | 4 |
| -- | AVAILABLE |
| -- | Aug 18, 2009 |
| -- | 3901 |
| -- | School Collections |
| 999 ## - | |
| -- | 84285 |
| -- | 84285 |
| Withdrawn status | Lost status | Source of classification or shelving scheme | Damaged status | Not for loan | Permanent Location | Current Location | Shelving location | Date acquired | Total Checkouts | Full call number | Barcode | Date last seen | Copy number | Price effective from | Koha item type |
|---|---|---|---|---|---|---|---|---|---|---|---|---|---|---|---|
| CBU-MAIN LIBRARY, KITWE. | CBU-MAIN LIBRARY, KITWE. | 01/25/2024 | TA 740 Rob | 013927 | 01/25/2024 | 2 | 01/25/2024 | MONOGRAPH | |||||||
| CBU-MAIN LIBRARY, KITWE. | CBU-MAIN LIBRARY, KITWE. | 01/25/2024 | TA 740 Rob | 013928 | 01/25/2024 | 4 | 01/25/2024 | MONOGRAPH | |||||||
| CBU-SCHOOL TEXT BOOK COLLECTION | CBU-SCHOOL TEXT BOOK COLLECTION | 01/25/2024 | TA 740 Rob | 3902 | 01/25/2024 | 1 | 01/25/2024 | MONOGRAPH | |||||||
| CBU-SCHOOL TEXT BOOK COLLECTION | CBU-SCHOOL TEXT BOOK COLLECTION | 01/25/2024 | SCHOOL TEXTBOOK | 3903 | 01/25/2024 | 3 | 01/25/2024 | MONOGRAPH | |||||||
| CBU-SCHOOL TEXT BOOK COLLECTION | CBU-SCHOOL TEXT BOOK COLLECTION | 01/25/2024 | TA 740 Rob | 3904 | 01/25/2024 | 5 | 01/25/2024 | MONOGRAPH | |||||||
| CBU-SCHOOL TEXT BOOK COLLECTION | CBU-SCHOOL TEXT BOOK COLLECTION | 01/25/2024 | TA 740 Rob | 3900 | 01/25/2024 | 6 | 01/25/2024 | MONOGRAPH | |||||||
| CBU-SCHOOL TEXT BOOK COLLECTION | CBU-SCHOOL TEXT BOOK COLLECTION | 01/25/2024 | SCHOOL TEXTBOOK | 3901 | 01/25/2024 | 7 | 01/25/2024 | MONOGRAPH |